000 00735nam a2200289Ia 4500
005 20260324112228.0
008 008 260324s9999 xx 000 0 eng d
020 _a9781003364696
037 _aEBOOK
040 _aCRL
040 _beng
040 _cCRL
041 _2eng
041 _aeng
084 _qCRL
100 _aChandrava Chakravarty; Sneha Kar Chaudhuri
_91141824
245 0 _aCentring Women in Bollywood Biopics
245 0 _bEmpowerment and Agency in Contemporary Indian Cinema
260 _bTaylor and Francis
260 _c2024
365 _a
365 _b220
856 _uhttp://www.taylorfrancis.com/books/9781003364696
942 _cEBOOK
999 _c1730956
_d1730956